000 00453nam a2200169Ia 4500
999 _c28481
_d28481
003 OSt
005 20210106094557.0
008 190216s9999||||xx |||||||||||||| ||und||
040 _coclc
082 _a894.812301
_bKAB/V
100 _aKabir, M K
_98168
245 0 _aVayal /
_cM K Kabir
260 _bPen Books,
_aAluva:
_c2002.
300 _a103p
650 _aKathakal
942 _cBK
_2ddc
_h894.812301
_iKAB/V
_k894.812301
_mKAB/V